| 000 | 00836nam a22002657a 4500 | ||
|---|---|---|---|
| 999 |
_c2623 _d2623 |
||
| 001 | 9816 | ||
| 003 | BD-DhUAP | ||
| 005 | 20200226144825.0 | ||
| 008 | 200226s2003 it a|||| b||| 00| 0 eng d | ||
| 020 | _a8884911133 | ||
| 040 |
_aBD-DhUAP _bEng _cBD-DhUAP _dBD-DhUAP |
||
| 082 |
_223 _a720.92 ROC |
||
| 100 | _aRocha, João Alvaro. | ||
| 245 |
_aJoão Alvaro Rocha : _barchitectures 1988-2001 / _cJoão Alvaro Rocha ; Edited by Francesco Craca. |
||
| 250 | _a1st ed. | ||
| 260 |
_aMilano : _bSkira, _cc2003. |
||
| 300 |
_a238 pages : _billustrations ; _c21 cm. |
||
| 490 | _aSkira architecture library. | ||
| 504 | _aIncludes bibliography p. 236-238. | ||
| 600 |
_aRocha, João Alvaro, _d1959-2014. |
||
| 650 | _aArchitecture, Modern. | ||
| 650 | _aArchitecture, Portuguese. | ||
| 700 | _aCraca, Francesco. | ||
| 942 |
_2ddc _cBK |
||